000 00449nam a2200193Ia 4500
001 13512
003 GE_BSU
008 181216s||||||||xx |||||||||||||| ||und||
040 _cGE_BSU
080 _a94(32)
100 _aBarocas,Claudio
245 _aMonuments of Civilizacion Egypt
260 _aLondon
260 _bThe reader's digest
260 _c1970
300 _a188p.32cm.ill
653 _aMonuments of Civilizacion Eggypt
942 _cBK
999 _c46671
_d46671